000 00425nam a2200181Ia 4500
008 230524s9999 xx 000 0 und d
020 _a9812530592
082 _a530
_bSOL
100 _aT.W.G.Solomons
245 0 _aOrganic Chemistry
250 _a1ST
260 _aNEW DELHI
_bJohn Wiley
_c2004
300 _aXXXII;1308
500 _aQuantity Number: 5
650 _aChemistry
700 _a C.B.Fryhle
942 _cBK
999 _c19630
_d19630